|
|
|
|
| LEADER |
01192nam a2200289 a 4500 |
| 001 |
GR-MES12706 |
| 008 |
070709s mau b 001 0 gre d |
| 020 |
|
|
|a 0072396881
|
| 040 |
|
|
|a GrPaTEI
|b gre
|c GR-PaULI
|
| 040 |
|
|
|a GrPaTEI
|b gre
|c GR-PaULI
|
| 082 |
|
0 |
|a 657
|2 22
|
| 100 |
1 |
|
|a Williams, Jan R.
|
| 245 |
1 |
0 |
|a Financial & managerial accounting :
|b The basis for business decisions /
|c Jan R. Williams / Susan F. Haka / Mark S.Bettner.
|
| 250 |
|
|
|a 12η έκδ.
|
| 260 |
|
|
|a Boston :
|b McGraw-Hill/Irwin,
|c 2002
|
| 300 |
|
|
|a xxx
|a 1135σ. :
|b εικ. ;
|c 26εκ. +
|e 1CD ROM
|
| 504 |
|
|
|a Περιλαμβάνει βιβλιογραφίες και ευρετήριο.
|
| 650 |
|
0 |
|a Accounting
|
| 650 |
|
0 |
|a Financial and managerial accounting
|
| 650 |
|
4 |
|a ΕΠΙΧΕΙΡΗΜΑΤΙΚΗ ΛΟΓΙΣΤΙΚΗ
|
| 650 |
|
4 |
|a Λογιστική
|
| 700 |
1 |
|
|a Bettner, M.
|
| 700 |
1 |
|
|a Haka, Susan F.
|
| 942 |
|
|
|2 ddc
|
| 952 |
|
|
|0 0
|1 0
|2 ddc
|4 0
|6 657_000000000000000_WIL
|7 0
|9 271286
|a MSLG
|b MSLG
|c BSC
|d 2021-01-17
|e 24
|f 0
|g 0.00
|l 0
|o 657 WIL
|p 2420000022030
|r 2021-01-17 00:00:00
|t 1
|w 2021-01-17
|y BK15
|x 20070709 0 ΜΑΤΣΙΩΡΗ 1
|x GrPaTEI
|
| 971 |
|
|
|a .b25787536
|b 28-04-20
|c 13-09-16
|
| 999 |
|
|
|c 156676
|d 156676
|